| 000 | 00578cam a22002053a 4500 | ||
|---|---|---|---|
| 001 | 41589 | ||
| 003 | PGUSA | ||
| 005 | 20140828083935.0 | ||
| 008 | 121209s2012||||xxu|||||s|||||000 | eng d | ||
| 040 |
_aPGUSA _beng |
||
| 042 | _adc | ||
| 100 | 1 |
_aAnstey, F., _d1856-1934 |
|
| 245 | 1 | 0 |
_aLyre and Lancet : _bA Story in Scenes _h[electronic resource] / _cF. Anstey |
| 260 |
_bProject Gutenberg, _c2012 |
||
| 506 | _aPublic domain in the USA. | ||
| 516 | _aElectronic text | ||
| 830 | 0 |
_aProject Gutenberg _v41589 |
|
| 856 | 4 | 0 | _uhttp://www.gutenberg.org/ebooks/41589 |
| 942 | _cEB | ||
| 999 |
_c270841 _d270841 |
||